| Tag |
First Indicator |
Second Indicator |
Subfields |
| LEADER |
00000cam a2200000Ia 4500 |
| 001 |
in00002201062 |
| 005 |
20151104135713.0 |
| 008 |
880728s1773 fr 001 0 fre d |
| 035 |
|
|
|a (OCoLC)ocm18280608
|
| 040 |
|
|
|a ESU
|c ESU
|d TXA
|d UtOrBLW
|
| 049 |
|
|
|a TXAM
|
| 050 |
|
4 |
|a PC2109
|b .W23 1770
|
| 100 |
1 |
|
|a Wailly, Noël François de,
|d 1724-1801.
|
| 245 |
1 |
0 |
|a Principes généraux et particuliers de la langue Française :
|b confirmés par des exemples choisis, instructifs, agréables & tirés des bons auteurs ... /
|c par M. de Wailly.
|
| 250 |
|
|
|a Septième éd., rev. & considérablement augm.
|
| 264 |
|
1 |
|a Paris :
|b J. Barbou,
|c 1773.
|
| 300 |
|
|
|a 600 pages ;
|c 17 cm.
|
| 336 |
|
|
|a text
|b txt
|2 rdacontent
|
| 337 |
|
|
|a unmediated
|b n
|2 rdamedia
|
| 338 |
|
|
|a volume
|b nc
|2 rdacarrier
|
| 500 |
|
|
|a Includes index.
|
| 650 |
|
0 |
|a French language
|x Grammar
|v Early works to 1800.
|
| 910 |
|
|
|a tp3107
|
| 994 |
|
|
|a 02
|b TXA
|
| 999 |
|
|
|a MARS
|
| 999 |
f |
f |
|s a7273a18-5604-37f0-9b67-580cf34ef236
|i 24182370-880c-3ff1-a7e5-3237a454ecb0
|t 0
|
| 952 |
f |
f |
|p noncirc
|a Texas A&M University
|b College Station
|c Cushing Memorial Library & Archives
|d Cushing: Dawson French (Does not check out)
|t 0
|e PC2109 .W23 1770
|h Library of Congress classification
|i unmediated -- volume
|
| 998 |
f |
f |
|a PC2109 .W23 1770
|t 0
|l Cushing: Dawson French (Does not check out)
|